logo

Bir Sreshtho Munshi Abdur Rouf Library
Jhenaidah Cadet College

Chemistry / (Record no. 8323)

MARC details
000 -LEADER
fixed length control field 00748nam a2200289 a 4500
001 - CONTROL NUMBER
JCCL Control Number 8323
003 - CONTROL NUMBER IDENTIFIER
JCCL marc code BD - JhCC
005 - DATE AND TIME OF LATEST TRANSACTION
control field 20180310192114.0
008 - FIXED-LENGTH DATA ELEMENTS--GENERAL INFORMATION
fixed length control field 881003s1987 enk 000 0 eng d
020 ## - INTERNATIONAL STANDARD BOOK NUMBER
International Standard Book Number 0330299387
035 ## - SYSTEM CONTROL NUMBER
system control number (BD-JhCC)8323
040 ## - CATALOGING SOURCE
Original cataloging agency BD-JhCC
Modifying agency BD-JhCC
041 ## - LANGUAGE CODE
Language code of Book eng
082 ## - DEWEY DECIMAL CLASSIFICATION NUMBER
Author mark and Year DEN 1987
100 1# - MAIN ENTRY--PERSONAL NAME
Personal name Denial, M. J.
Fuller form of name (Michael J.)
245 10 - TITLE STATEMENT
Title Chemistry /
Statement of responsibility, etc Mike Denial
260 ## - PUBLICATION, DISTRIBUTION, ETC. (IMPRINT)
Place of publication, distribution, etc Pan Books :
Name of publisher, distributor, etc London,
Date of publication, distribution, etc 1987
300 ## - PHYSICAL DESCRIPTION
Pagination 429 p. :
Other physical details ill. ;
Dimensions 25 cm
490 1# - SERIES STATEMENT
Series statement Pan study aids
500 ## - GENERAL NOTE
General note Cover title: GCSE chemistry
500 ## - GENERAL NOTE
General note A Pan original
650 #0 - SUBJECT ADDED ENTRY--TOPICAL TERM
Topical term or geographic name as entry element Chemistry
Form subdivision Examinations, questions, etc.
740 0# -
Uncontrolled related/analytical title GCSE chemistry
830 #0 - SERIES ADDED ENTRY--UNIFORM TITLE
Uniform title Pan study aids
942 ## - ADDED ENTRY ELEMENTS (KOHA)
Source of classification or shelving scheme Dewey Decimal Classification
Koha item type Books
Holdings
Source of classification or shelving scheme Damaged status Not for loan Home library Current library Shelving location Total Checkouts Full call number Barcode Date last seen Copy number Koha item type
Dewey Decimal Classification     JCC Rouf Library JCC Rouf Library General Stacks   DEN 1987 11756 03/04/2018 C - 1 Books

JCC Library | Contacts | JCC Home

Last Update on 23 September 2017
Copyright @ 2017-2020 JCC Rouf Library
Rouf Library, Jhenidah Cadet College (JCC), Bangladesh